00669 a2200193 4500020002200000040001400022082001400036082000800050100003300058245010900091250006400200260005200264300001000316600003300326650001200359650001800371650005400389700003200443 a978-85-7348-908-8 aULA-LD-MS b343/POR/V b396 aPORTO, Pedro Rui da Fontoura aViolência Doméstica e Familiar Contra a Mulherb- Lei11.340/06 - Análise Crítica e Sistemática a3ª Edição Revista, Actualizada e de Acordo com ADI4424 aPorto AlegrebLivrariado Advogado Editorac2014 a160p. 0aPORTO, Pedro Rui da Fontoura aDireito aDireito Penal aFemenismo. Situaȯ̂ e Condição das Mulheres aPedro Rui da Fontoura Porto